00354pab a2200109 454500008003600000100001600036245004800052650002500100650002900125650003600154773005400190180718b xxu||||| |||| 00| 0 eng d aSingh, U.B. aDistrict government: on emerging phenomenon a District Government a District Administration aDistrict Administration - India aJournal of the Institute of Public Administration